000 00345nam a2200145Ia 4500
008 150201s1999 xx 000 0 und d
082 _a612
_bP1999R
100 _aHERSHEL RAFF
245 _aPHYSIOLOGY SECRETS
250 _a1ST
260 _bJAYPEE MEDICAL PUBLISHER
_aDELHI
_c1999
300 _a1-346
650 _aPHYSIOLOGY
942 _2ddc
_cBK
999 _c2487
_d2487